Tous les jeux Sonic depuis 1991 - Statistiques

Statistiques générales
  • Ce quiz a été pris 98 fois
  • Le résultat moyen est 28 sur 96
Statistiques - réponses
Date Jeu % Correct
2006 Sonic The Hedgehog
94%
1991 Sonic The Hedgehog (16 Bits)
94%
1991 Sonic The Hedgehog (8 Bits)
94%
1998 Sonic Adventure
89%
1992 Sonic The Hedgehog 2 (16 Bits)
88%
1992 Sonic The Hedgehog 2 (8 Bits)
88%
2001 Sonic Adventure 2
85%
1997 Sonic R
84%
1994 Sonic The Hedgehog 3
80%
2022 Sonic Frontiers
77%
2008 Sonic Unleashed
73%
1994 Sonic And Knuckles
72%
2017 Sonic Forces
72%
2017 Sonic Mania
69%
2005 Shadow The Hedgehog
68%
2011 Sonic Générations
67%
2010 Sonic Colours
65%
2003 Sonic Heroes
64%
1993 Sonic CD
62%
2005 Sonic Rush
62%
2007 Sonic And The Secret Ring
59%
2001 Sonic Advance / Sonic N
57%
2009 Sonic Et Le Chevalier Noir
52%
2002 Sonic Advance 2
49%
2004 Sonic Advance 3
49%
2013 Sonic Lost World
49%
2007 Sonic Rush Adventure
44%
2007 Mario Et Sonic Aux Jeux Olympiques
42%
2023 Sonic Superstars
42%
2013 Sonic Dash
41%
2006 Sonic Riders
37%
1995 Knuckles Chaotix
35%
2010 Sonic And Sega All Stars Racing
33%
1995 Tails' Adventure
31%
2019 Team Sonic Racing
31%
2003 Sonic Battle
30%
2019 Sonic Racing
28%
2009 Mario Et Sonic Aux Jeux Olympiques D'Hiver
27%
1996 Sonic Blast
27%
2011 Mario Et Sonic Aux Jeux Olympiques De Londres 2012
25%
1995 Sonic Labyrinth
25%
1996 Sonic The Fighters
23%
2010 Sonic Free Riders
22%
2006 Sonic Rivals
22%
1995 Tails' Skypatrol
22%
2000 Sonic Shuffle
21%
2008 Sonic Riders : Zéro Gravity
20%
2007 Sonic Rivals 2
20%
2010 Sonic The Hedgehog 4 : Épisode 1
20%
2012 Sonic The Hedgehog 4 : Épisode 2
20%
1994 Sonic Drift
19%
1994 Sonic The Hedgehog Triple Trouble
19%
2012 Sonic And All Stars Racing Transformed
17%
1995 Sonic Drift 2
17%
2015 Sonic Runners
16%
1993 Sonic The Hedgehog Spinball
15%
2023 The Murder Of Sonic The Hedgehog
15%
1996 Sonic 3D Flickies' Island
14%
2014 Sonic Boom : L'Ascension De Lyric
14%
2023 Sonic Dream Team
14%
1993 SegaSonic The Hedgehog
11%
2013 Mario Et Sonic Aux Jeux Olympiques De Sotchi 2014
10%
2012 Sonic Jump
10%
2016 Mario Et Sonic Aux Jeux Olympiques De Tokyo 2016
9%
2019 Mario Et Sonic Aux Jeux Olympiques De Tokyo 2020
9%
1991 Sonic Eraser
9%
2017 Sonic Forces : Speed Battle
9%
1993 Sonic The Hedgehog Chaos
7%
1993 Dr Robotnik's Mean Bean Machine
6%
2016 Sonic Boom : Le Feu Et La Glace
6%
2003 Sonic Pinball Party
5%
2017 Sonic Runners Adventure
5%
2015 Sonic Dash 2 : Sonic Boom
4%
2001 Sonic Tennis
4%
2002 Sonic Golf
2%
1996 Sonic's Schoolhouse
2%
2008 Sonic At The Olympic Games (IOS & Android)
1%
2020 Sonic Aux Jeux Olympiques De Tokyo
1%
2002 Good Friends Chao!
0%
1992 SegaSonic Bros
0%
1993 SegaSonic Cosmic Fighter
0%
2002 Sonic And Tailes Spinner
0%
2010 Sonic At The Olympic Winter Game
0%
2002 Sonic Billards
0%
2002 Sonic Bowling
0%
2008 Sonic Chroncles : La Confrerie Des Ténèbres
0%
2002 Sonic Fishing
0%
1994 Sonic Gameworld
0%
2005 Sonic Kart 3D X
0%
2003 Sonic Racing Kart
0%
2007 Sonic's Casino Poker
0%
1991 Sonic's Edusoft
0%
1999 Sonic The Hedgehog Rocket Adventure
0%
1994 Tails Et Le Fraiseur De Musique
0%
1995 Wacky Worlds Creativity Studio
0%
1991 Wakfu Waku Sonic Patrol Car
0%
Aucun quiz correspondant
Distribution des résultats
% des personnes avec chaque résultat
Percentile par nombre de réponses
Votre historique - résultats
Vous n’avez pas pris ce quiz